01056cam a2200265 i 450000100090000000300040000900500170001300800410003001000170007102000300008804000230011804200080014105000230014908200130017224500260018530000520021150001630026350400410042661000530046771000780052090600450059894200120064399900190065595201160067417752577OSt20180116192433.0130403s2013 uika bc 000 0 eng  a 2013414438 a9781907896309 (paperback) aDLCbengerdacDLC apcc00aNA2540b.D587 2013 a720.949300aDogma :b11 projects. a118 pages :billustrations, some color ;c28 cm aPublished on the occasion of the exhibition "Dogma: 11 projects" at the Architectural Association School of Architecture, London, 22 February - 20 March 2013. aIncludes bibliographical references.20aDogma (Architectural office)vExhibitions.986112 aArchitectural Association (Great Britain).bSchool of Architecture.98612 a7bcbccorigresd3encipf20gy-gencatlg 2ddccBK c354184d354184 00102ddc4070aSADAbSADAd2016-04-04l0o720.9493 DOG 2013pSADA0002562r2017-01-05v3749.40w2017-01-05yBK